Wonka Characters - Statistics

General Stats
  • This quiz has been taken 84 times
    82 since last reset
  • The average score is 5 of 16
Answer Stats
Hint Answer % Correct
Timothée Chalamet Willy Wonka
100%
Calah Lane Noodle
78%
Olivia Colman Scrubbit
47%
Patterson Joseph Arthur Slugworth
38%
Keegan Michael-Key Chief of Police
31%
Matt Lucas Gerald Prodnose
28%
Tom Davis Bleacher
25%
Mathew Baynton Felix Fickelgruber
25%
Jim Carter Abacus Crunch
22%
Rakhee Thakrar Lottie Bell
22%
Hugh Grant Lofty / Shorty-Pants
16%
Natasha Rothwell Piper Benz
13%
Rowan Atkinson Father Julius
9%
Rich Fulcher Larry Chucklesworth
9%
Simon Farnaby Basil Bode
8%
Kobna Holdbrook-Smith Officer Affable
3%
No matching quizzes found
Score Distribution
Percent of People with Each Score
Percentile by Number Answered
Your Score History
You have not taken this quiz since the last reset